000 01198nam a2200301 i 4500
001 67128
003 ES-MaACL
005 20250806062531.0
007 t|
008 891025s1988 sp ||||0| spa d ..|
015 _a1989-NOV-21230
016 7 _zSAB9000062715
020 _a84-505-7341-6
040 _aM-BN-DP
_bspa
_cM-BN-DP
080 _a373.3(464.1 M.)"17"
080 _a377(464.1 M.)"17"
100 1 _aAparisi Mocholí, Antonio.
_922084
245 1 3 _aLa Enseñanza primaria y la formación profesional y artesana en Madrid durante el reinado de Carlos III (1759-1788) /
_cpor Antonio Aparisi Mocholi.
260 _aMadrid :
_bAyuntamiento de Madrid, Area de Cultura, Educación, Juventud y Deportes :
_bInstituto de Estudios Madrileños,
_c1988.
300 _a42 p ;
_c22 cm.
490 1 _aCiclo de conferencias: El Madrid de Carlos III ;
_v1
650 1 7 _aEnseñanza primaria-
_zMadrid
_2
_9172161
650 1 4 _aFormación profesional-
_zMadrid-
_yS.XVIII.
_912929
710 2 _aInstituto de Estudios Madrileños
_94916
830 0 0 _aCiclo de conferencias: El Madrid de Carlos III
_v1
_9180033
852 _aES-MaACL
_j2172-F-6
_bR.117261
999 _c67128
_d67128